000 01797cam a2200349 a 4500
999 _c112514
_d112514
003 BJBSDDR
005 20230411090113.0
007 ta
008 190510s2006 nyua 001 0aeng
020 _a159184133X
020 _a9781591841333
035 _a(OCoLC)ocm70131225
035 _a(OCoLC)70131225
040 _aDLC
_cDLC
_bspa
041 _aeng
043 _an-us---
050 0 0 _aB HD 6054.4
_bF521t 2006
082 0 0 _a338.7/61004092
_aB
_223
100 1 _aFiorina, Carly
_d1954-
245 1 0 _aTough choices :
_ba memoir /
_cCarly Fiorina.
260 _aNew York :
_bPortfolio,
_c2006.
300 _axii, 319 p. :
_bill. ;
_c24 cm.
500 _aIncludes index.
505 _aacknowldgments-prologue- 1 a gift from my parents-2 the stranger-3 don't think about the next job-4 new fears-5 not till the lady leaves-6 choices of the heart-7 our token bimbo-8 i can and i will-9 saving my tears-10 the stuff triumph-11 the journey, not the destination-12 confrontation and understanding-13 the consequences of stregh-14 the inspiration to change-15 the power of teamwork-16 marching on the bus-17 loneliness-18 the recruitment-19 is that an Armani suit-20 a thousand tribes-21 choosing to lead-22 change warriors-23 you're exactly the same-24 big ideas and small details-25 chainsaw carly-26 a down and dirty fight-27 adopt and go-28 everything is possible-29 power politics-30 owning my soul- Expilogue-Index
600 1 0 _aFiorina, Carly.
650 0 _aWomen executives
_zUnited States
_vBiography.
650 0 _aMujeres ejecutivas
_94032
906 _a7
_bcbc
_corignew
_d1
_eocip
_f20
_gy-gencatlg
942 _2lcc
_cBK
946 _iLMF